<?xml version="1.0" encoding="UTF-8"?>
<record
    xmlns:xsi="http://www.w3.org/2001/XMLSchema-instance"
    xsi:schemaLocation="http://www.loc.gov/MARC21/slim http://www.loc.gov/standards/marcxml/schema/MARC21slim.xsd"
    xmlns="http://www.loc.gov/MARC21/slim">

  <leader>01380nam a2200265 a 4500</leader>
  <controlfield tag="003">DO-SdBNP</controlfield>
  <controlfield tag="005">20240306164224.0</controlfield>
  <controlfield tag="007">ta</controlfield>
  <controlfield tag="008">211018e2009    sp ac||er|||| 001 ddspa d</controlfield>
  <datafield tag="020" ind1=" " ind2=" ">
    <subfield code="a">9788420405087</subfield>
  </datafield>
  <datafield tag="040" ind1=" " ind2=" ">
    <subfield code="a">DO-SdBNP</subfield>
    <subfield code="b">spa</subfield>
    <subfield code="c">BNPHU</subfield>
  </datafield>
  <datafield tag="082" ind1=" " ind2="4">
    <subfield code="2">22</subfield>
    <subfield code="b">V297m</subfield>
    <subfield code="a">Pe862.44</subfield>
  </datafield>
  <datafield tag="100" ind1="1" ind2=" ">
    <subfield code="a">Vargas Llosa, Mario,</subfield>
    <subfield code="d">1936-</subfield>
    <subfield code="9">12567</subfield>
  </datafield>
  <datafield tag="245" ind1="1" ind2="3">
    <subfield code="a">Las mil noches y una noche /</subfield>
    <subfield code="c">Vargas Llosa, Mario ; fotograf&#xED;as, Ros Ribas</subfield>
  </datafield>
  <datafield tag="260" ind1=" " ind2=" ">
    <subfield code="a">M&#xF3;stoles, Madrid:</subfield>
    <subfield code="b"> Alfaguara,</subfield>
    <subfield code="c"> 2009</subfield>
  </datafield>
  <datafield tag="300" ind1=" " ind2=" ">
    <subfield code="a">139 p. : </subfield>
    <subfield code="b">il., retrs. ;</subfield>
    <subfield code="c">23 cm.</subfield>
  </datafield>
  <datafield tag="500" ind1=" " ind2=" ">
    <subfield code="a">Incluye biograf&#xED;a del autor en la solapa de la portada.</subfield>
  </datafield>
  <datafield tag="505" ind1=" " ind2=" ">
    <subfield code="a">Contar cuentos.</subfield>
    <subfield code="t">I. el rey Shrigar y su y su nueva esposa.--</subfield>
    <subfield code="t">II. El pr&#xED;ncipe que odiaba a las mujeres.--</subfield>
    <subfield code="t">III. El pr&#xED;cipe melanc&#xF3;lico.--</subfield>
    <subfield code="t">IV. La princesa Budur y los astr&#xF3;logos.--</subfield>
    <subfield code="t">V. Mersu&#xE1;n el justiciero.--</subfield>
    <subfield code="t">VI. El milagro del falso astr&#xF3;logo.--</subfield>
    <subfield code="t">VII. El pr&#xED;ncipe y el p&#xE1;jaro ladr&#xF3;n.--</subfield>
    <subfield code="t">VIII. La princesa Budur cambia de sexo.--</subfield>
    <subfield code="t">IX. La pelea de los p&#xE1;jaros.--</subfield>
    <subfield code="t">X. Un fin que es un principio.--</subfield>
    <subfield code="t">XI. amores prohibidos.--</subfield>
    <subfield code="t">XII. Los adoradores del fuego.--</subfield>
    <subfield code="t">XIII. La &#xFA;ltima noche es la primera noche.</subfield>
  </datafield>
  <datafield tag="590" ind1=" " ind2=" ">
    <subfield code="a">Inventariado 2021 / MF</subfield>
  </datafield>
  <datafield tag="650" ind1=" " ind2="4">
    <subfield code="a">Noches &#xE1;rabes</subfield>
    <subfield code="9">80246</subfield>
    <subfield code="v">Drama.</subfield>
  </datafield>
  <datafield tag="650" ind1=" " ind2="4">
    <subfield code="a">Noches &#xE1;rabes </subfield>
    <subfield code="9">80247</subfield>
    <subfield code="v">Adaptaciones </subfield>
  </datafield>
  <datafield tag="700" ind1="1" ind2=" ">
    <subfield code="a">Ribas, Ros,</subfield>
    <subfield code="9">80248</subfield>
    <subfield code="e">fot.</subfield>
  </datafield>
  <datafield tag="910" ind1=" " ind2=" ">
    <subfield code="a">Validado. Control de calidad MFF</subfield>
  </datafield>
  <datafield tag="942" ind1=" " ind2=" ">
    <subfield code="2">ddc</subfield>
    <subfield code="c">LBS1</subfield>
  </datafield>
  <datafield tag="952" ind1=" " ind2=" ">
    <subfield code="0">0</subfield>
    <subfield code="1">0</subfield>
    <subfield code="2">ddc</subfield>
    <subfield code="5">1</subfield>
    <subfield code="7">0</subfield>
    <subfield code="8">MO</subfield>
    <subfield code="a">BNPHU</subfield>
    <subfield code="b">PD</subfield>
    <subfield code="c">HD</subfield>
    <subfield code="d">2021-10-18</subfield>
    <subfield code="l">0</subfield>
    <subfield code="o">BNPHU GR Pe862.44 V297m</subfield>
    <subfield code="p">2021-27420</subfield>
    <subfield code="r">2021-10-18</subfield>
    <subfield code="w">2021-10-18</subfield>
    <subfield code="y">LBS1</subfield>
  </datafield>
  <datafield tag="999" ind1=" " ind2=" ">
    <subfield code="c">50764</subfield>
    <subfield code="d">50764</subfield>
  </datafield>
</record>
